Vulnerabilidad, dignidad y justicia: valores éticos fundamentales en un mundo globalizado /

Salvato in:
Dettagli Bibliografici
Autore principale: Stalsett, Sturla J.
Natura: testo
Soggetti:
Tags: Aggiungi Tag
Nessun Tag, puoi essere il primo ad aggiungerne!!

MARC

LEADER 00000 a a2200000 04500
001 11795
003
040
100 |a Stalsett, Sturla J.  
245 |a Vulnerabilidad, dignidad y justicia:   |b valores éticos fundamentales en un mundo globalizado /  |c Sturla J. Stalsett 
650 |a SISTEMAS DE VALORES  
650 |a ETICA  
650 |a GLOBALIZACION  
773 |g número 111; páginas 13-19  
999 |c 23996  |d 23996 
773 0 |0 41641  |9 2445  |a Departamento Ecuménico de Investigaciones (DEI)  |d San José, Costa Rica Departamento Ecuménico de Investigaciones (DEI)  |o 20197  |t Pasos /